Adolescência: Um Valioso Guia para Pais e Adolescentes (Registo nº 8717)
[ vista simples ]
| 000 -Etiqueta do registo | |
|---|---|
| Valores | 00570nam a22001691i 4500 |
| 090 ## - | |
| -- | 8717 |
| 010 ## - Número ISBN | |
| ISBN | 9789722610452 |
| 100 ## - Dados gerais de processamento | |
| Dados gerais | 20170304u u u0frey50 ba |
| 200 1# - Titulo e menção de responsabilidade | |
| Primeira menção de responsabilidade | Elizabeth Fenwick |
| Título próprio | Adolescência: Um Valioso Guia para Pais e Adolescentes |
| 215 ## - Descrição física | |
| Paginação / Volumes | 288p |
| Outras indicações físicas | il |
| Dimensões | 24 cm |
| 210 ## - Publicação | |
| Nome do editor | Civilização |
| Local de publicação | Porto |
| Data de publicação | 2002 |
| 702 #1 - Autor secundário (pessoa individual) | |
| Apelido | Silva |
| Nome | Lucinda |
| -- | 730 |
| 701 #1 - Co-autor principal (pessoa individual) | |
| Apelido | Smith |
| Nome | Tony |
| -- | 070 |
| 700 #1 - Autor principal (pessoa individual) | |
| Apelido | Fenwick |
| Nome | Elizabeth |
| -- | 070 |
| 996 ## - ISO2709 | |
| -- | 0009481 |
| -- | FEN |
| -- | 00000000 |
| -- | 00000000 |
| -- | BMVA |
| -- | 1 |
| -- | Viana do Alentejo |
| -- | Educação. Ensino. Pedagogia |
| -- | 21 |
| -- | Livro |
| -- | 0 |
| -- | 1 |
| 990 ## - Elementos KOHA | |
| Tipo de documento | Livro |
| Situação do levantamento | Estado | Biblioteca de origem | Biblioteca de empréstimo | Código de barras | Cota | Permissão de empréstimo | Tipo de documento | Nota relativa ao exemplar |
|---|---|---|---|---|---|---|---|---|
| Completo | Biblioteca Municipal de Viana Do Alentejo | Biblioteca Municipal de Viana Do Alentejo | 0012500 | 159.9 FEN | Disponível | Livro | Depósito - Caixa 27 VNT |